| 000 -LEADER |
| fixed length control field |
00595nam a2200205Ia 4500 |
| 001 - CONTROL NUMBER |
| control field |
23432 |
| 003 - CONTROL NUMBER IDENTIFIER |
| control field |
GE_BSU |
| 008 - FIXED-LENGTH DATA ELEMENTS--GENERAL INFORMATION |
| fixed length control field |
181216s||||||||xx |||||||||||||| ||und|| |
| 040 ## - CATALOGING SOURCE |
| Transcribing agency |
GE_BSU |
| 245 ## - TITLE STATEMENT |
| Title |
Агротехника и технологии. #6 июнь 2018 |
| 245 ## - TITLE STATEMENT |
| Statement of responsibility, etc. |
Гл. ред. В.Н.Кудеяров |
| 260 ## - PUBLICATION, DISTRIBUTION, ETC. |
| Place of publication, distribution, etc. |
москва |
| 260 ## - PUBLICATION, DISTRIBUTION, ETC. |
| Name of publisher, distributor, etc. |
наука |
| 260 ## - PUBLICATION, DISTRIBUTION, ETC. |
| Date of publication, distribution, etc. |
2018г |
| 300 ## - PHYSICAL DESCRIPTION |
| Extent |
98с;29см; |
| 653 ## - INDEX TERM--UNCONTROLLED |
| Uncontrolled term |
Агротехника и технологии. # 6 июнь 2018 2018 |
| 653 ## - INDEX TERM--UNCONTROLLED |
| Uncontrolled term |
Периодика |
| 653 ## - INDEX TERM--UNCONTROLLED |
| Uncontrolled term |
პერიოდიკა |
| 942 ## - ADDED ENTRY ELEMENTS (KOHA) |
| Koha item type |
პერიოდიკა |